000 00532nam a2200193Ia 4500
005 20250326143131.0
008 250326s9999 xx 000 0 und d
020 _a81-7240-103-5
037 _aTextbook
040 _aFMSL
_beng
_cFMSL
041 _aeng
_2eng
084 _aX:97D N6
_qFMSL
100 _aThakur C.p.
245 0 _aEconomic transition with a human face
_cThakur C.p.
260 _aDelhi
_bDelhi, Global Business Press
_c1996
300 _a380p
942 _cTB
_hX:97D N6
999 _c1298248
_d1298248